Multiples of 28 Quiz - Statistics

General Stats
  • This quiz has been taken 74 times
  • The average score is 24 of 25
Answer Stats
Answer % Correct
28
100%
56
100%
84
100%
112
98%
168
98%
224
98%
336
98%
448
98%
140
96%
196
96%
252
96%
280
96%
308
96%
364
96%
392
96%
420
96%
476
96%
504
96%
532
96%
588
96%
616
96%
672
96%
560
94%
644
94%
700
94%
No matching quizzes found
Score Distribution
Percent of People with Each Score
Percentile by Number Answered
Your Score History
You have not taken this quiz